00297nam a2200121Ia 4500008004100000100001900041245003700060260003300097300000900130650001400139942000700153999001500160190216s9999||||xx |||||||||||||| ||und|| aDudley Dillard 0aEconomics Of John Maynard Keynes bVikas Publishing Housec1979 a364p aEconomics cBK c9463d9463